00864nam a2200217 a 450000100100000000500170001000800410002702000150006804000130008308200160009610000410011224501580015326000540031130000210036550400280038670000470041470000480046104900090050995201130051899900150063100000951320200929161619.0090930s2002 cu 000 0 spa d a9590503004 aDO-SdBNP axxxxbS939p1 aSuárez Vera, Diana Marjorie92433210aPersonalidad, cáncer y sobrevida /cDiana Marjorie Suárez Vera ; prólogo Rafael Dujarric Pullés ; edición y corrección Neyda Izquierdo Ramos. aLa Habana, Cuba :bCientífico Técnica,c2002. a232 p. ;c21 cm. aIncluye bibliografías1 aDujarric Pullés, Rafael,epról.9243331 aIzquierdo Ramos, Neyda,eed. y corr.921879 aBNPD 001050718MOaGRbGRcCTd2009-09-30iLF1l0oxxxx S939pp9513-10r2020-06-25w2020-06-25y1ZNo se presta c9273d9273